[Event "World Youth Stars 3rd"]
[Site "Kirishi"]
[Date "2005.05.23"]
[Round "9"]
[White "Sjugirov, Sanan"]
[Black "Khairullin, Ildar"]
[Result "0-1"]
[WhiteElo "2381"]
[BlackElo "2517"]
[Annotator "Finkel,A"]
[PlyCount "146"]
[EventDate "2005.05.14"]
[EventType "tourn"]
[EventRounds "11"]
[EventCountry "RUS"]
[EventCategory "10"]
[SourceTitle "CBM 107"]
[Source "ChessBase"]
[SourceDate "2005.08.01"]
[SourceVersion "1"]
[SourceVersionDate "2005.08.01"]
[SourceQuality "1"]

1. e4 c5 2. Nf3 Nc6 3. Nc3 Nf6 4. Bb5 Qc7 5. O-O Nd4 6. Nxd4 (6. Re1) (6. Bc4
e6 7. h3 a6 8. a4 Be7 9. d3 O-O 10. Nxd4 cxd4 11. Ne2 Nxe4 12. Nxd4 Nf6 $11 {
Brajovic,R-Knezevic,B/Vrnjacka Banja 1998}) (6. Ba4 e6 7. d3 a6 8. Nxd4 cxd4 9.
Ne2 b5 10. Bb3 Bc5 11. h3 Bb7 12. Bf4 d6 13. Bh2 $14 {Svetushkin,D-Brajovic,R/
Bucharest 1999}) (6. Bd3 $5 Nxf3+ 7. Qxf3 e6 8. Re1 d6 9. b3 a6 10. Bb2 b5 11.
Nd5 Nxd5 12. exd5 Bb7 13. a4 $14 {Svidler,P-Kramnik,V/Internet ICC 1999}) 6...
cxd4 7. Nd5 (7. Ne2 $6 Nxe4 8. Nxd4 e6 9. Re1 Nf6 10. Nf3 Be7 11. d4 O-O 12.
Bg5 d6 13. Bd3 b6 14. c4 Bb7 $13 {Sprenger,J-Lindinger,M/Hamburg 2003}) 7...
Nxd5 8. exd5 Qc5 (8... a6 9. Ba4 (9. Be2 g6 10. c4 Bg7 11. d3 O-O 12. Bg5 d6
13. Qd2 e5 14. dxe6 fxe6 15. Bg4 $13 {Guidarelli,L-Lautier,J/Aix les Bains 2003
}) 9... g6 10. d3 Bg7 (10... b5 11. Bb3 Bg7 $2 12. d6 $1 $16 {Benjamin,
J-Nakamura,H/New York 2004}) 11. Bg5 b5 12. Bb3 e6 13. c4 dxc3 14. bxc3 O-O 15.
Rc1 Bb7 16. c4 $14 {Teske,H-Souleidis,G/Germany 2003}) (8... g6 9. Re1 a6 10.
Ba4 Bg7 11. d3 h6 12. Qe2 Bf6 13. Qf3 Kf8 14. Bd2 d6 $13 {Laznicka,V-Zezulkin,
J/Czechia 2004}) 9. c4 (9. Qe2 $6 Qxd5 10. c4 Qf5 11. b4 e6 12. Bb2 Bxb4 13.
Bxd4 O-O 14. Rab1 Bd6 $15 {Boudre,J-Godard,M/Meribel 1998}) 9... a6 (9... dxc3
10. Qb3 a6 11. Be2 c2 (11... e6 $6 12. dxc3 Bd6 13. Be3 Qc7 14. g3 b5 15. a4
$16 {Kryvoruchko,Y-Hamdouchi,H/Calvi 2005}) 12. d4 Qd6 13. Bf3 g6 14. Bd2 Qf6
15. d6 Qxd6 16. Rfe1 $36 {Anand,V-Leko,P/Linares 2003}) 10. b4 (10. Ba4 Qxc4 (
10... b5 11. Bb3 (11. cxb5 Bb7 12. Bb3 axb5 13. d3 e6 14. Qf3 Bd6 15. Qg4 Bxd5
16. Qxg7 O-O-O 17. Bxd5 Qxd5 $15 {Yarmysty,M-Kryvoruchko,Y/Lvov 2005}) 11...
bxc4 12. Qc2 Qxd5 13. Bxc4 Qc6 14. Qd3 Bb7 15. f3 Rc8 16. Bb3 e6 $17 {Bolacky,
J-Stehno,P/Czechia 2004}) 11. Bb3 Qc5 12. d3 Qd6 13. Qf3 Qf6 14. Qe4 d6 15. Re1
g6 16. Bf4 Bf5 17. Qf3 O-O-O $132 {Karim,I-Ribera Baztan,J/Mallorca 2004})
10... Qxb4 11. Ba4 g6 (11... b5 12. cxb5 g6 13. d6 $1 (13. d3 Bg7 14. Bd2 Qd6
15. Bb3 axb5 16. Qe1 Qf6 17. Bb4 d6 18. a4 O-O 19. axb5 Rb8 20. Bc4 Bd7 21. Ra5
Rb7 $15 {Frolov,D-Shariyazdanov,A/Tomsk 2004}) (13. b6 Bg7 14. d3 O-O 15. Bg5
Bb7 16. Re1 e6 17. dxe6 {1/2-1/2 Ulibin,M-Avrukh,B/Biel 2003}) 13... Qxd6 14.
Qf3 Rb8 15. Ba3 Qb6 16. Qf4 e6 17. Qf6 $36 {Rossi,C-Balogh,E/Cork 2005}) 12. d3
(12. Bb3 Bg7 13. a4 d6 14. Ba3 Qa5 15. Re1 Qd8 16. c5 O-O 17. Rc1 dxc5 (17...
Bf6 18. Qf3 Bg5 19. Qd3 dxc5 20. Bxc5 Qa5 21. Bxe7 Qxd2 22. Rcd1 $16 {
Predojevic,B-Timofeev,A/Sarajevo 2005}) 18. Bxc5 Re8 19. a5 Bf5 20. Qf3 Qxa5
21. Bxe7 Qxd2 22. d6 $40 {Svidler,P-Van Wely,L/Monte Carlo 2005}) 12... Bg7 {
In the previous games which reached this position Black opted for 12...b5,
however I see nothing wrong in playing 12...Bg7 right away.} (12... b5 13. Bb3
Bg7 14. a4 (14. Bd2 Qd6 15. Qe1 bxc4 16. Bb4 Qe5 17. dxc4 a5 18. Bxa5 Qxe1 19.
Bxe1 d6 20. Bb4 Rb8 21. Ba3 O-O $132 {Ulibin,M-Gagunashvili,M/Dubai 2003})
14... bxc4 15. Bxc4 d6 16. Re1 Qb7 17. Bg5 f6 18. Rb1 Qc7 19. Bd2 Kf7 20. a5
$44 {Gdanski,J-Dziuba,M/Dzwirzyno 2004}) 13. Bd2 Qa3 14. Qc2 ({It's
interesting to try} 14. Qb3 {even though Black should be ok after} Qxb3 15.
axb3 b6 (15... O-O 16. Rfe1 Re8 17. c5 e5 18. Ba5 $1 f5 19. Bb6 $16 {[%csl Ra8,
Rc8][%cal Gd5d6]}) 16. Rfe1 Kd8 $5 17. b4 Bb7 18. Bb3 d6 $13) 14... O-O 15.
Rfb1 $5 {[%csl Ga2]} (15. Rab1 b5 $1 16. Bb3 d6 17. Rfe1 Re8 18. cxb5 axb5 19.
Qc6 Bf5 20. Qxb5 Reb8 21. Qc4 Rc8 22. Qb5 Rab8 $17) 15... Qd6 (15... b5 16.
cxb5 axb5 17. Bxb5 Qd6 18. Bb4 Qxd5 19. Bxe7 $14) 16. Ba5 $6 (16. Bb4 $5 {
was the way to retain the material balance} Qf6 17. Re1 d6 18. Qe2 e5 (18...
Bf5 $5) 19. dxe6 Bxe6 20. Bxd6 Rfd8 21. c5 $14) 16... Bf6 17. Bb6 e6 (17... Qf4
$5 {[%cal Gd7d6]} 18. g3 (18. c5 d6 19. c6 Be5 20. g3 Qf3 $17 {[%cal Gc8h3]})
18... Qf3 19. d6 $1 exd6 20. Qd1 Qf5 21. Qe2 d5 22. c5 $44) 18. Ba5 $5 Qf4 19.
Bd2 Qc7 $5 {Black is doing great after an exchange sacrifice.} (19... Qf5 20.
d6 b5 21. cxb5 Bb7 $15) 20. d6 Qxd6 21. Bb4 Qc7 22. Bxf8 Kxf8 $15 23. Qb3 (23.
Qd2 Kg7 24. Bd1 b6 25. Bf3 Rb8 26. a4 a5 27. g3 Be7 $15 {[%cal Ge7b4,Gd7d6,
Ge6e5]}) 23... Be7 24. Qb6 Qxb6 25. Rxb6 Bc5 26. Rb2 b6 27. Rab1 Ke7 28. Bd1
Rb8 29. Bf3 Kd8 30. h4 $1 Kc7 31. g3 d6 32. Kg2 Bd7 33. h5 a5 34. hxg6 hxg6 35.
Rh1 a4 36. Rh7 Be8 37. g4 (37. Rh8 a3 (37... b5 $6 38. Rxe8 $1 Rxe8 39. Rxb5
Bb6 40. Rb4 $11) 38. Rb1 Ba4 39. Rxb8 Kxb8 40. Bd1 $15) 37... Rd8 38. Rb1 Rd7
39. Be4 (39. Rh8 Re7 40. g5 $11) 39... a3 40. Rg7 $2 (40. Rh8 Re7 41. g5 $11)
40... f5 $1 $17 41. Rxd7+ Bxd7 42. Bf3 Ba4 43. gxf5 gxf5 44. Bd1 Bc6+ 45. Bf3
Ba4 46. Rc1 (46. Bd1 Bd7 47. Bf3) 46... Bb4 47. Bd1 Be8 48. Be2 Bc3 49. Rh1 b5
50. cxb5 Bxb5 51. Rh7+ Kc6 52. Bf3+ (52. f4 $8) 52... d5 53. Be2 e5 $19 {
[%cal Ge5e4]} 54. Kf1 Kb6 55. f3 e4 56. fxe4 fxe4 57. Rh3 Ba4 {[%csl Ra2][%cal
Ga4c2,Gc2b1]} 58. Rh8 Bc2 59. dxe4 dxe4 60. Rd8 d3 61. Bh5 e3 62. Bg4 Bb2 63.
Rb8+ Kc5 64. Rc8+ Kd4 65. Rd8+ Kc3 66. Ke1 Bc1 67. Bh5 Kb2 68. Kf1 Kxa2 69. Bg6
e2+ 70. Kf2 Bd2 71. Re8 e1=Q+ 72. Rxe1 Bxe1+ 73. Kxe1 Kb2 0-1

[Event "Abu Dhabi op 14th"]
[Site "Abu Dhabi"]
[Date "2004.08.18"]
[Round "5"]
[White "Dzhumaev, Marat"]
[Black "Taleb, Moussa"]
[Result "1-0"]
[WhiteElo "2520"]
[BlackElo "2464"]
[Annotator "Finkel,A"]
[PlyCount "49"]
[EventDate "2004.08.14"]
[EventType "swiss"]
[EventRounds "9"]
[EventCountry "UAE"]
[SourceTitle "CBM 103"]
[Source "ChessBase"]
[SourceDate "2004.11.11"]
[SourceVersion "1"]
[SourceVersionDate "2004.11.11"]
[SourceQuality "1"]

1. e4 c5 2. Nf3 Nc6 3. Bb5 Nf6 4. e5 Nd5 5. Nc3 Nc7 6. O-O g6 7. Bc4 $5 {
Interesting continuation. White believes the bishop is more usefull than black
knight on c6.} (7. Bxc6 dxc6 8. d3 (8. Ne4 Ne6 (8... Qd5 9. d3 b6 10. Re1 Bg4
11. h3 Bxf3 12. Qxf3 Ne6 13. c4 Qd7 14. Ng5 Nxg5 15. Bxg5 Bg7 $11 {Westerinen,
H-Bern,I/Skei 1995}) 9. d3 Bg7 10. Re1 O-O 11. Be3 b6 12. Qd2 Nd4 13. Nxd4 cxd4
14. Bh6 f5 15. exf6 exf6 16. Bxg7 Kxg7 17. Qf4 $14 {Gurgenidze,B-Nun,J/Hradec
Kralove 1978}) 8... Bg7 9. h3 O-O 10. Be3 Ne6 11. Ne4 b6 12. Qd2 Re8 13. Bh6
Bh8 14. Qe3 Qc7 15. Neg5 $14 {Forintos,G-Portisch,L/Budapest 1958}) (7. Re1
Nxb5 8. Nxb5 Bg7 9. d4 cxd4 10. Bf4 O-O 11. Nbxd4 Qb6 12. Nb3 f6 13. exf6 Bxf6
$13 {Zapata,W-Sveshnikov,E/Caracas 1976}) 7... Bg7 8. Re1 O-O 9. d3 b6 $6 {
This move appears to be inaccuracy after which black's position deteriorates
very quickly.} (9... d5 10. exd6 exd6 (10... Qxd6 $2 11. Ne4 $16 {[%csl Rc5]})
11. Nd5 Nxd5 12. Bxd5 Nb4 13. Bb3 d5 14. Bg5 f6 15. Bf4 $14) 10. Bf4 h6 (10...
Bb7 11. Qd2 Na5 12. Ne4 Nxc4 13. dxc4 Ne6 14. Bh6 $14) 11. Qd2 Kh7 12. Ne4 Ne6
13. c3 $1 Qc7 (13... Nxf4 14. Qxf4 $16 {[%csl Rf7]}) 14. Bg3 $16 {[%cal Ga1c1,
Gd3d5]} Nxe5 15. Bd5 $1 (15. Nxe5 $6 Bxe5 16. Ng5+ Nxg5 17. Bxe5 Qc6 $13) 15...
Rb8 (15... Bb7 16. Nxe5 (16. Bxb7 $2 Nxf3+ 17. gxf3 Qxb7 $19) 16... Bxd5 17.
Nxg6 d6 18. Nxf8+ $16) 16. Bxe6 fxe6 17. Nxe5 Bxe5 18. Ng5+ hxg5 19. Rxe5 d6
20. Qxg5 $1 $18 Rf5 (20... dxe5 21. Bxe5 Qb7 22. Qh4+ Kg8 23. Qg3 $1 $18 {
[%csl Rb8,Rg8]}) (20... Kg7 $142 21. Rae1 Rf6 22. R5e4 Rf5 23. Qe3 Rh5 24. Rh4
Rxh4 25. Bxh4 e5 26. f4 $18) 21. Rxf5 exf5 (21... gxf5 22. Re1 e5 23. Bf4 $1
$18 {[%csl Re7][%cal Ge1e3,Ge3h3]}) 22. Bf4 e5 23. Qh6+ Kg8 24. Qxg6+ Qg7 25.
Qxd6 1-0

[Event "ISR-ch"]
[Site "Tel Aviv"]
[Date "2002.11.27"]
[Round "3"]
[White "Vydeslaver, Alik"]
[Black "Mikhalevski, Victor"]
[Result "1-0"]
[WhiteElo "2434"]
[BlackElo "2524"]
[Annotator "Finkel,A"]
[PlyCount "79"]
[EventDate "2002.11.24"]
[EventType "swiss"]
[EventRounds "9"]
[EventCountry "ISR"]
[SourceTitle "CBM 093"]
[Source "ChessBase"]
[SourceDate "2003.04.01"]
[SourceVersion "1"]
[SourceVersionDate "2003.04.01"]
[SourceQuality "1"]

1. e4 c5 2. Nf3 Nc6 3. Bb5 e6 4. Bxc6 bxc6 5. d3 Ne7 6. Qe2 $5 {Very flexible
move keeping all the options open.} (6. Ng5 Ng6 (6... f6 7. Nh3 g6 8. f4 Bg7 9.
O-O O-O 10. Nf2 d6 11. Nd2 a5 12. a4 f5 13. Nf3 Rb8 14. Rb1 c4 $5 15. dxc4 fxe4
16. Nxe4 d5 17. cxd5 exd5 18. Nf2 Qb6 19. Re1 Nf5 20. Ne5 Rb7 21. b3 Rd8 $44 {
1/2-1/2 Bologan,V-Shabalov,A/Connecticut USA 2000/The Week in Chess 286 (37)})
7. f4 Be7 8. Nf3 d5 9. c4 e5 10. f5 dxe4 11. dxe4 Nf4 $2 12. Qxd8+ Bxd8 13.
Nxe5 Nxg2+ 14. Kf2 $16 {[%csl Rg2] 1-0 Bologan,V-Sveshnikov,E/Tallinn EST 2000}
) (6. h4 $6 h5 7. Qe2 f6 8. e5 fxe5 9. Nxe5 d6 10. Nc4 Nf5 11. Bg5 Be7 12. Bxe7
Qxe7 13. Nc3 e5 $15 {Shabanov,Y-Arkhipov,S/Smolensk RUS 2000}) 6... Ng6 (6...
Qc7 7. O-O Ng6 8. Ng5 Be7 $6 9. Qh5 Qd8 (9... d6 10. f4 $36 {[%cal Gf4f5]}) (
9... h6 $2 10. Nxf7 Kxf7 11. f4 $16) 10. Nc3 Ba6 11. f4 Bxg5 12. fxg5 $36) 7.
h4 {Forcing black to play h5 with the hope to expoit the weakness later on.} h5
8. e5 f6 (8... d6 $143 9. exd6 Bxd6 {[%csl Rc5,Rc6,Rh5]} 10. Nc3 e5 11. Ng5 Bg4
12. f3 Bf5 13. Be3 $16 {Yudasin,L-Manca,F/Reggio Emilia ITA 2000}) (8... Be7 9.
Qe4 c4 10. dxc4 Rb8 11. b3 c5 12. Bb2 Bb7 13. Qe3 Nxh4 14. Nxh4 Bxh4 15. Nc3
$36 {[%csl Re8] 1-0 Breder,D-Moroz,A/Pardubice 2000}) 9. Qe4 (9. Rh3 $6 d5 10.
exd6 Bxd6 11. Rh1 e5 12. Na3 Bg4 13. Nc4 O-O 14. Qe4 Ne7 15. Nxd6 Qxd6 16. Be3
Be6 $15 {Obodchuk,A-Bocharov,D/Orsk 2000}) 9... Kf7 (9... f5 $6 {[%csl Rd6]}
10. Qe2 Be7 11. Bg5 Bxg5 12. hxg5 Qa5+ 13. Kf1 c4 14. dxc4 Ba6 15. b3 $16 {
Gross,D-Horvath,T/Austria 2000}) 10. Nbd2 (10. Rh3 $6 {[%csl Rg6][%cal Gf3g5,
Yh3f3]} Nxe5 $1 (10... Qc7 $2 11. Ng5+ $1 fxg5 12. Rf3+ Kg8 13. Qxg6 Qxe5+ 14.
Kf1 gxh4 $2 15. Bg5 Ba6 16. Nc3 c4 17. d4 Qxd4 18. Qf7+ Kh7 19. Qxh5+ Kg8 20.
Qf7+ Kh7 21. Rf6 $18 {Bezold,M-Volkmann,F/Austria 1999} (21. Rf6 Qxf6 22. Bxf6
{1-0 Bezold,M-Volkmann,F/Austria 1999/EXT 2000 (22)})) 11. Nxe5+ fxe5 12. Rf3+
(12. Qxe5 d6 13. Rf3+ Kg8 $132) 12... Kg8 13. Qg6 {[%cal Gc1g5]} Ba6 {[%cal
Ga8f8]} 14. Qf7+ Kh7 15. Qxh5+ Kg8 16. Qf7+ Kh7 17. Nc3 Qe8 18. Ne4 Qxf7 19.
Rxf7 d5 $13 {white has the activity but in a long run black has very good
counterchances.}) (10. Na3 Qc7 {[%csl Re5]} 11. Bf4 Nxf4 12. Qxf4 Ba6 13. Nc4 {
-see game}) 10... Qc7 11. Nc4 Ba6 12. Bf4 $1 {White is ready to give up
another bishop to keep control over the square e5. Black bishops are
restricted by own pawns,so white knights pair is definitly not worse than the
bishops not to mention black king on f7...} (12. Rh3 $2 Bxc4 13. Ng5+ (13. dxc4
Nxe5 $17) 13... fxg5 14. Rf3+ Kg8 15. Qxg6 Qxe5+ 16. Kf1 g4 17. Re3 Qf6 $17)
12... Nxf4 13. Qxf4 Kg8 (13... Be7 $5 14. Rh3 Kg8 15. Rg3 Rh7 $1 (15... Rb8 $4
16. Rxg7+ $1 Kf8 (16... Kxg7 17. exf6+ $18 {[%csl Rc7][%cal Gf4c7]}) 17. Rxe7
$18) 16. O-O-O Rf8 {[%cal Gf8f3,Gf6e5]} 17. Qe4 {[%cal Ge4g6]} Rh6 $1 $132 {
[%cal Gh6f6,Gf6e5] Vokarev,S-Arkhipov,S/Smolensk 2000}) (13... Bxc4 14. dxc4
Rb8 15. O-O-O Be7 16. Rhg1 $5 $36 {[%csl Rf7][%cal Gg2g4]}) 14. Rh3 fxe5 $6 {
Permitting white knight to come to g6.} (14... Be7 $5) 15. Ncxe5 d6 16. Ng6 Rh6
17. Rg3 e5 18. Qg5 $1 $14 {[%csl Gg6]} (18. Ngxe5 $2 Re6 $19 {[%cal Ge6e1]})
18... Rh7 $2 (18... Qf7 $6 19. Qxh6 $1 gxh6 20. Ngxe5+ Qg7 21. Nxc6 Re8+ 22.
Kd2 Qxg3 23. fxg3 Rc8 24. Na5 $16) (18... Re8 $5) 19. Nd2 $1 $16 {[%cal Gd2e4,
Ge4f6] Bringign another knight to the attack.} Re8 (19... Qd8 20. Ne4 $1 Qxg5
$6 21. Nxg5 Rh6 22. Ne6 $18 {[%csl Rf8]}) 20. Ne4 Qd8 (20... c4 21. Rf3 $1 {
[%cal Ge4f6]} d5 $140 22. Nf6+ $1 gxf6 23. Ne7+ Kf7 24. Qxf6#) 21. Nxf8 $1 $18
{Just as simple as that! White wins an exchange transferring into easily
winning endgame.} Rxf8 (21... Qxg5 22. Nxg5 $18 {[%csl Rh7]}) 22. Qxd8 Rxd8 23.
Nf6+ Kh8 24. Nxh7 Kxh7 25. Rf3 $1 c4 26. Rf7 {[%csl Ra7]} cxd3 27. Rxa7 Bc4 28.
b3 Bd5 29. cxd3 Bxg2 30. Ke2 Bd5 31. Rg1 Rg8 32. Rd7 Kh8 33. Rxd6 Ra8 34. Ra1
Bxb3 35. Rxc6 Ra4 36. Rc5 Bf7 37. Rxe5 Bg6 38. Ke3 Rxh4 39. a4 Rb4 40. Rb5 1-0

[Event "Poikovsky Karpov 07th"]
[Site "Poikovsky"]
[Date "2006.03.22"]
[Round "5"]
[White "Shirov, Alexei"]
[Black "Zvjaginsev, Vadim"]
[Result "1/2-1/2"]
[WhiteElo "2709"]
[BlackElo "2664"]
[Annotator "Finkel,A"]
[PlyCount "46"]
[EventDate "2006.03.18"]
[EventType "tourn"]
[EventRounds "9"]
[EventCountry "RUS"]
[EventCategory "18"]
[SourceTitle "CBM 112"]
[Source "ChessBase"]
[SourceDate "2006.06.07"]
[SourceVersion "1"]
[SourceVersionDate "2006.06.07"]
[SourceQuality "1"]

1. e4 c5 2. Nf3 Nc6 3. Bb5 e5 4. O-O Nge7 5. b4 $5 {Shirov deviates from
theory in move 5. I must say that it's an extremely rare occasion when in the
game between two top players someone comes up with a novelty before move 15,
so this one is unique!} ({The main line is} 5. Bc4 {followed by c3 and d4.})
5... cxb4 6. Bb2 Ng6 7. d4 exd4 8. Nxd4 Nxd4 9. Qxd4 {White's position looks
very promising, but Black comes up with very interesting defensive plan.} Qg5
10. e5 (10. Bc4 $143 $6 Nh4 11. Qe5+ Qxe5 12. Bxe5 d6 13. Bb2 Be6 14. Bb3 Ng6
15. f4 Rc8 $15) 10... Nf4 11. Qe4 a6 (11... Bc5 {deserved attention:} 12. g3 (
12. Bc1 Nh3+ 13. Kh1 Nxf2+ 14. Rxf2 Qxc1+ 15. Rf1 Qe3) 12... Ne6 13. c3 O-O 14.
cxb4 d5 $1 $132 {with mutual chances.}) 12. Bd3 Be7 13. Nd2 {Shirov strives
for fast development of the pieces, but it seems that White keeps initiative
also after} (13. Kh1 Nxd3 14. cxd3 O-O 15. f4 Qh5 16. Nd2 Rb8 17. f5 $13) 13...
Nxd3 ({After} 13... Nh3+ 14. Kh1 Qxd2 15. gxh3 Qh6 16. Rg1 $36 {it's not so
clear where to put black king.}) 14. Qxd3 Qg6 15. Ne4 b5 16. Rae1 $6 {After
this move Black manages to equalize the position. More accurate was} (16. f4 $1
Bb7 17. f5 Qc6 18. Rae1 O-O-O 19. Qg3 $14) 16... Bb7 17. Nf6+ ({Not so clear is
} 17. Nd6+ Bxd6 18. exd6+ Kf8 19. Qh3 Qxd6 20. Qg4 Qg6 21. Qxb4+ Kg8 22. f3 h5
$13 {and Black's king comes to h7.}) 17... Kf8 18. Nxd7+ Kg8 19. Qh3 h5 $1 {
A multiple purpose move. Black may play Qg4 or bring the rook into play via h6.
} (19... Qe6 $5 20. Nf6+ Bxf6 21. Qxe6 (21. exf6 Qxh3 22. gxh3 g6 23. Re7 Bd5
24. Rd1 Bxa2 $13) 21... fxe6 22. exf6 Kf7 23. fxg7 Rhc8 $132) 20. Re3 h4 ({
The immediate} 20... Qg4 21. Nf6+ Bxf6 22. exf6 Qxh3 23. Rxh3 gxf6 $13 {
looked safe for Black either.}) 21. f4 Qe6 22. Qxe6 fxe6 23. f5 Bc6 {A very
short, but nevertheless a hard fiught and an interesting game!} ({I guess the
players agreed upon a draw due to the following forced variation:} 23... Bc6
24. f6 (24. fxe6 Rh6 $15) 24... Bxd7 25. fxe7 Re8 $11) 1/2-1/2

[Event "Bundesliga 0506"]
[Site "Germany"]
[Date "2005.12.10"]
[Round "5.6"]
[White "Grafl, Florian"]
[Black "Kalinitschew, Sergey"]
[Result "1-0"]
[WhiteElo "2413"]
[BlackElo "2491"]
[Annotator "Finkel,A"]
[PlyCount "111"]
[EventDate "2005.10.21"]
[EventType "team-tourn"]
[EventRounds "15"]
[EventCountry "GER"]
[SourceTitle "CBM 111"]
[Source "ChessBase"]
[SourceDate "2006.04.04"]
[SourceVersion "1"]
[SourceVersionDate "2006.04.04"]
[SourceQuality "1"]
[WhiteTeam "Godesberg"]
[BlackTeam "Kreuzberg"]
[WhiteTeamCountry "GER"]
[BlackTeamCountry "GER"]

1. e4 c5 2. Nf3 Nc6 3. Bb5 e6 4. Bxc6 bxc6 5. b3 Ne7 6. Bb2 Ng6 7. h4 h5 8. e5
Be7 {A possible move. Other interesting possibilities are} (8... d6 9. exd6
Qxd6 10. Qe2 f6 11. Qe4 Kf7 12. Nc3 e5 13. O-O-O Be7 14. d3 Be6 $132 {Adams,
M-Shirov,A/Reykjavik 2003}) (8... c4 $5 9. bxc4 Rb8 10. Bc3 c5 11. d3 Be7 12.
Nbd2 f5 13. g3 Bb7 14. Qe2 Qb6 15. Rg1 Qc6 $44 {McShane,L-Grischuk,A/Istanbul
2003}) 9. Nc3 (9. d3 f6 10. Nbd2 d5 11. exd6 Qxd6 12. g3 e5 13. Qe2 Bg4 14. Qe4
Nf8 15. Nh2 $14 {Relange,E-Ciemniak,R/Buenos Aires 1992}) 9... c4 $6 {Probably
more accurate was} (9... f6 $1 10. Ne4 d5 (10... fxe5 $5 11. Nxe5 Nxe5 12. Bxe5
O-O $13 {[%cal Gd7d6,Ge6e5]}) 11. exd6 Bxd6 12. d3 e5 13. Qd2 Nf4 $132) 10. Ne4
$5 c5 $2 {This move is a serious mistake after which White gets a significant
advantage. It was necessary to play} (10... Bb7 11. Nd6+ (11. Nfg5 $2 f6 12.
exf6 gxf6 13. bxc4 e5 14. Nf3 d5 $36) 11... Bxd6 12. exd6 f6 13. bxc4 c5 $44 {
with counterchances.}) 11. Nfg5 $1 $36 {[%csl Ra8,Rf7,Rh5] After 10...c5 this
move is very strong as White is threatening to play Qf3.} Qc7 (11... Bb7 12.
Qf3 Rf8 13. Qxh5 $16) ({It's too late for} 11... f6 12. exf6 gxf6 13. Qf3 $1 {
[%cal Gf3a8,Gb2h8]} fxg5 14. Nxg5 Bxg5 15. hxg5 $18) 12. Nd6+ {White chooses
the safest way. Not so bad was} (12. Qf3 Nxe5 13. Bxe5 Qxe5 14. Qxf7+ Kd8 15.
O-O $36 {with dangerous initiative.}) 12... Bxd6 13. exd6 Qc6 {Black is forced
to take the square f3 under control to meet 14.Qf3.} (13... Qxd6 $2 14. Qf3 $18
) 14. Qf3 Qxf3 15. Nxf3 cxb3 $6 {Opening up the a-file is hardly a wise
solution.} (15... Bb7 16. Bxg7 Rg8 17. Bh6 Bxf3 18. gxf3 Nxh4 19. Be3 $14) 16.
axb3 {[%csl Ra7,Rc5,Rg7]} Bb7 17. Bxg7 Rg8 18. Bh6 $5 {[%csl Gf4][%cal Gh6e3]}
f6 (18... Bxf3 19. gxf3 Nxh4 20. Be3 Nxf3+ 21. Ke2 Nd4+ 22. Bxd4 cxd4 23. Rxh5
$16) 19. Ra5 $1 c4 20. bxc4 Kf7 (20... Bxf3 21. gxf3 Ne5 22. Be3 Nxc4 23. Rxh5
Nxd6 24. Ra5 $16) 21. Ke2 e5 22. g3 Rgc8 23. Rb1 $6 {After the move in the
game Black gets good drawing chances.} (23. c5 $142 $5 $16) 23... Bxf3+ 24.
Kxf3 Rxc4 25. Rb7 Ke6 26. Rc7 Rd4 (26... Rc6 $5 27. Rxc6 dxc6 28. Be3 Kxd6 29.
Bxa7 Ke6 30. d3 $16) 27. Rcxa7 Rxa7 28. Rxa7 Rxd6 29. Ra8 Rc6 30. c3 Kf5 31.
Ra7 d5 32. Be3 Rc8 $6 (32... e4+ 33. Ke2 Ne5 $14) 33. Rh7 Rh8 $2 (33... e4+ 34.
Ke2 Rh8 $16) 34. Rxh5+ $1 $18 Rxh5 35. g4+ Ke6 36. gxh5 e4+ (36... Nxh4+ 37.
Kg4 Nf5 38. h6 $18) 37. Kg3 Ne5 38. h6 Kf7 39. Bd4 Nf3 40. h7 Kg7 41. Bxf6+
Kxh7 42. d3 Nd2 43. Bg5 Nb1 44. dxe4 Nxc3 45. e5 Ne4+ 46. Kf3 Nc5 47. Kg4 Kg6
48. f4 d4 49. e6 d3 50. h5+ Kg7 51. h6+ Kh7 52. f5 Ne4 53. e7 Nd6 54. f6 Kg6
55. h7 Kxh7 56. f7 1-0